Bharatiy Swatatrya Sangram Ani Vidnyan .-9789391558369 (Record no. 19075)

MARC details
000 -LEADER
fixed length control field 00384nam a2200133Ia 4500
008 - FIXED-LENGTH DATA ELEMENTS--GENERAL INFORMATION
fixed length control field 220803s9999 xx 000 0 und d
020 ## - INTERNATIONAL STANDARD BOOK NUMBER
International Standard Book Number 9789391558369
041 ## - LANGUAGE CODE
Language code of text/sound track or separate title eng
082 ## - DEWEY DECIMAL CLASSIFICATION NUMBER
Classification number 891.8SAH
100 ## - MAIN ENTRY--PERSONAL NAME
Personal name Sahastrabuddhe J
9 (RLIN) 30254
245 ## - TITLE STATEMENT
Title Bharatiy Swatatrya Sangram Ani Vidnyan .-9789391558369
260 ## - PUBLICATION, DISTRIBUTION, ETC. (IMPRINT)
Name of publisher, distributor, etc. "Bharatiya Vichar Sadhana Prakashan Pune, Pune"
Date of publication, distribution, etc. 2021
300 ## - PHYSICAL DESCRIPTION
Extent 40p
Holdings
Withdrawn status Lost status Damaged status Not for loan Home library Current library Date acquired Vendor Cost, normal purchase price Full call number Barcode Date last seen Cost, replacement price Bill Date Koha item type Original Barcode
        Dr. Bhanuben Nanavati College of Architecture Dr. Bhanuben Nanavati College of Architecture 01/04/2022 Bharatiya Vichar Sadhana 1.00 891.8SAH BNCA-DB-1850 03/08/2022 1.00 03/08/2022 Donated Book DB001850